=LDR 00000nam 2200000 4500 =001 INLIS00000000000012 =005 20260702043538 =020 ##$$a 979-593-308-6 =082 ##$$a 017.418 =100 1#$$a Moentaha, Salihen =245 1 $$a Bahasa Dan Terjemahan /$c Salihen Moentaha =300 ##$$a 168 ; 13 X 20 cm